000
00320 a2200157 4500
001
67390
020
_a
9788535713602
040
_c
Anchieta - Pituba
100
_a
Degenszajn, David
240
1
0
_a
Matemática
_l
por
245
1
0
_a
Matemática
300
_a
496
362
0
_a
2010
650
4
_a
Matemática
942
_c
BK
999
_c
67390
_d
67390